| 000 | 00658cam a22002177i 4500 | ||
|---|---|---|---|
| 003 | OSt | ||
| 005 | 20260128113611.0 | ||
| 008 | 160607t20142014enk b 000 d eng d | ||
| 020 | _a9780140440539 | ||
| 020 | _a0140440534 | ||
| 040 |
_aKABLIB _beng _cKABLIB _erda |
||
| 082 | 0 | 4 |
_a839.8226 _223 _bIBS |
| 100 | 1 |
_aIbsen, Henrik, _d1828-1906, _eauthor. _914755 |
|
| 245 | 1 | 4 |
_aThe master builder and other plays / _cHenrik Ibsen |
| 264 | 1 |
_aLondon : _bPenguin Books, _cc1988. |
|
| 300 |
_a376 p. ; _c18 cm. |
||
| 650 | _aEnglish literature | ||
| 655 | 7 |
_aTranslations. _2fast _0(OCoLC)fst01423791 _914756 |
|
| 700 | 1 |
_aRem, Tore, _eeditor. _914757 |
|
| 942 |
_2ddc _cBOOK |
||
| 999 |
_c5852 _d5852 |
||